Lập trình Giáo trình Cao đẳng Sư phạm

Những khái niệm cơ bản về lập trình như thuật toán, các kiểu dữ liệu, lệnh điều khiển, chương trình ... và một số bài tập ứng dụng

Gespeichert in:
Bibliographische Detailangaben
1. Verfasser: Nguyễn Xuân My
Weitere Verfasser: Nguyễn Đức Nghĩa (b.s.)
Format: Buch
Sprache:Vietnamese
Veröffentlicht: H. Đại học Sư phạm 2003
Schlagworte:
Tags: Tag hinzufügen
Keine Tags, Fügen Sie den ersten Tag hinzu!
Thư viện lưu trữ: Mạng thư viện Đại học Đà Nẵng
LEADER 01258nam a2200325 4500
001 000009391
003 5588
005 20111026151057.0
008 111026s2003 viesd
041 0 |a vie 
082 |a 005.1  |b NG-M 
100 0 |a Nguyễn Xuân My 
245 0 |a Lập trình  |b Giáo trình Cao đẳng Sư phạm  |c B.s: Nguyễn Xuân My (ch.b), Nguyễn Đức Nghĩa 
260 |a H.  |b Đại học Sư phạm  |c 2003 
300 |a 359 tr.  |c 24 cm. 
520 |a Những khái niệm cơ bản về lập trình như thuật toán, các kiểu dữ liệu, lệnh điều khiển, chương trình ... và một số bài tập ứng dụng 
653 |a Lập trình 
653 |a Giáo trình 
700 |a Nguyễn Đức Nghĩa  |e b.s. 
910 |a Huỳnh Thị Cẩm Lai  |d 26/10/2011 
OWN |a LSP 
AVA |a UDN50  |b LSP  |d 005.1 NG-M  |e available  |t Error 5001 Not defined in file expand_doc_bib_avail.  |f 3  |g 0  |h N  |i 0  |k 1 
999 |a From the UDN01 
AVA |a UDN50  |b LSP  |d 005.1 NG-M  |e available  |t Error 5001 Not defined in file expand_doc_bib_avail.  |f 3  |g 0  |h N  |i 0  |k 1 
TYP |a Monograph 
TYP |a Printed language 
980 |a Mạng thư viện Đại học Đà Nẵng